Transport UK 1987: an economic, social and policy andit

Saved in:
Bibliografiske detaljer
Hovedforfatter: Gretton, John (Author)
Format: Bog
Sprog:engelsk
Udgivet: Berkshire Policy Journals 1987
Fag:
Tags: Tilføj Tag
Ingen Tags, Vær først til at tagge denne postø!

MARC

LEADER 00000nam a2200000 a 4500
001 UCV4566
003 CL-VaPUC
008 881027e19870000UK |||||||||||||||||eng|d
020 |a 0946967164 
082 0 4 |a 380.5  |b GRE  |2 21 
100 0 |a Gretton, John  |e author  |9 298772 
245 1 0 |a Transport UK 1987: an economic, social and policy andit 
300 |a 92 p 
942 |c BK 
945 |d 19881027 00:00:00 
260 |a Berkshire  |b Policy Journals  |c 1987 
650 7 |a TRANSPORTE  |2 CL-VaPUC  |9 256365 
651 0 |a Gran Bretaña  |9 256767 
583 |a last modification  |c 20120515 12:19:31  |k Rodrigo Vera 
999 |c 211322  |d 211320